| 000 | 00659nam a2200205Ia 4500 | ||
|---|---|---|---|
| 003 | GCL | ||
| 008 | 140319s9999 xx 000 0 ara d | ||
| 040 |
_aGCL / _cGCL |
||
| 082 | 0 | 4 |
_a320.1 _bا د |
| 100 | 1 | _aاحمد زايد | |
| 245 | 1 | 0 |
_aالدولة فى العالم الثالث : الرؤية السوسيولوجية / _cاحمد زايد |
| 300 | _a286 ص | ||
| 490 |
_aعلم الاجتماع المعاصر _v0 |
||
| 650 | 0 | 4 | _aالعلاقات الخارجية |
| 650 | 0 | 4 | _aالدولة |
| 650 | 0 | 4 | _aالراسمالية |
| 650 | 0 | 4 | _aالاجتماع السياسى، علم |
| 650 | 0 | 4 | _aالدولة النامية |
| 942 |
_2ddc _cBK |
||
| 999 |
_c40814 _d40814 |
||